Abby Lobasso

James Madison B


Categories

Beliefs021015141145.5000
History - American History010010118118.0001
History - World History010110131131.0000
British and Commonwealth History010010137137.0001
Science - Physics01105126126.0001
Fine Arts - Visual Fine Arts01115139139.0001
Science - Chemistry000000.0000
Other Arts: Visual0010-50.0000
Other Science: Astronomy0010-50.0000
Social Science0020-100.0000

Buzzes

Other Arts: VisualPrincess Mononoke-526
Science - Physicsphonons-557
Social Sciencelies-5103
Social Sciencecognitive-5105
BeliefsCedar Forest-5109
History - American HistoryQuakers10118
Science - Chemistrychirality0123
Science - Physicsmass10126
History - World HistoryTenochtitlan10131
Fine Arts - Visual Fine ArtsVenice-5133